000 00766nam a2200205Ia 4500
005 20260121110343.0
008 008 260114s9999 xx 000 0 hin d
020 _a9788132361336
037 _aEBOOK
040 _aCRL
_bhin
_cCRL
041 _ahin
_2hin
084 _qCRL
100 _aप्रवेश खट्टर / Balwant Singh
_9945146
245 0 _aखेल जीवन के तीन आधारः स्वास्थ्य, पिफटनेस एवं आहार / Khel jeevan ke teen aadhar: Swasthya, fitness aur aahaar
260 _bभाषा प्रकाशन / Bhasha Prakashan
_c2021
856 _uhttps://bhashaprakashan.com/product-details/379084
942 _cEBOOK
999 _c1536810
_d1536810